00282nam a2200097Ia 4500008004100000082001800041100002100059245003800080260005300118300001300171230907s9999||||xx |||||||||||||| ||und|| a621.3815bFLO aFloyd, Thomas L. 0aFundamentals of analog circuits / aPrentice Hall,bUpper Saddle River, N.J. :c2012 a915 p. :